Zobrazenie vysoko detailných modelov z máp posunutia

Uložené v:
Podrobná bibliografia
Hlavný autor: Volovár, Martin (Autor)
Ďalší autori: Drahoš, Peter (Vedúci práce)
Médium: Rukopis Kniha
Jazyk:Slovak
Vydavateľské údaje: 2016
Predmet:
On-line prístup:http://is.stuba.sk/zp/portal_zp.pl?podrobnosti=120348
Tagy: Pridať tag
Žiadne tagy, Buďte prvý, kto otaguje tento záznam!

MARC

LEADER 00000ntm a22000003a 4500
001 stuzp59032
003 SK-STU
005 20160719155737.7
007 ta
008 150427s2015----xo-----f-mn---000-0-slo-d
040 |a STU  |b slo 
041 0 |a slo 
100 1 |a Volovár, Martin  |u 070400  |k Z4  |4 aut  |U FIIT Fakulta informatiky a informačných technológií  |T FIIT Ústav počítačového inžinierstva a aplikovanej informatiky  |X 46185  |U I400  |Y 672  |7 A000046185 
242 0 1 |a Rendering high detail models from displacement maps  |y eng 
245 1 0 |a Zobrazenie vysoko detailných modelov z máp posunutia 
260 |c 2016 
650 4 |a adaptívna teselácia  |2 slo 
650 4 |a feature-adaptive subdivision  |2 slo 
650 4 |a vektorové mapy posunutia  |2 slo 
650 4 |a adaptive tessellation  |2 eng 
650 4 |a vector displacement maps  |2 eng 
650 4 |a feature-adaptive subdivision  |2 eng 
700 1 |a Drahoš, Peter  |u 070400  |k Z1  |4 ths  |U FIIT Fakulta informatiky a informačných technológií  |T FIIT Ústav počítačového inžinierstva a aplikovanej informatiky  |X 10312  |U I400  |Y 672  |7 A00010312 
856 4 |u http://is.stuba.sk/zp/portal_zp.pl?podrobnosti=120348 
996 |b 8267  |c I* DIP 91/2016  |l II680  |s P  |a 0  |w stuzp59032_0001 
SQL |a stuzp59032  |b DDP  |c SLO  |d Zobrazenie vysoko detailných modelov z máp posunutia  |e 46185  |f Volovár, Martin  |g 070400  |h 10312  |i Drahoš, Peter  |j 20160614  |k 205  |l 07  |m http://is.stuba.sk/zp/portal_zp.pl?podrobnosti=120348  |n I-IS2  |o 9.2.6. informačné systémy